| 000 | 00921nam a2200217Ii 4500 | ||
|---|---|---|---|
| 003 | JO-AjNU | ||
| 008 | 230605s9999||||xx |||||||||||||| ||und|| | ||
| 020 | _a3-515-03186-3 / 2-912374-46-4 | ||
| 040 |
_aJO-AjNU _bara _erda _cJO-AjNU |
||
| 041 | _aara | ||
| 050 | 1 | 4 | _aPJ7701.6.N8.A17 2003 |
| 100 | 3 |
_aتحقيق فاغنز،إيفالد, _eauthor _926933 |
|
| 245 | 0 | 0 | _aديوان أبي نواس الحسن بن هاني الحكمي الجزء الرابع ؛ النشرات الإسلامية جزء20 - قسم 4 |
| 250 | _aط2 | ||
| 264 | 3 | 1 | _aبيروت:كلاوس شفارتس برلين،2003 |
| 300 |
_aج4، 412ص _bالنشرات الإسلامية جزء 20 ، قسم 4 ، الديوان الجزء الرابع |
||
| 336 |
_atext _btxt _2rdacontent |
||
| 337 |
_aunmediated _bn _2rdamedia |
||
| 338 |
_avolume _bnc _2rdacarrier |
||
| 650 | 4 |
_a الشعر العربي - العصر العباسي _926934 |
|
| 999 |
_aA10268 _c13836 _d13836 |
||